Financial Programming and Policy : The Case of Sri Lanka /

This book, by a staff team in the IMF Institute, contains a series of workshops that introduce the process of formulating a hypothetical macroeconomic and structural adjustment program, which is a central element in the financial programming courses offered by the IMF Institute. In addition to elabo...

وصف كامل

التفاصيل البيبلوغرافية
المؤلف الرئيسي: Karlik, John
مؤلفون آخرون: Bell, Michael, Martin, M., Rajcoomar, S.
التنسيق: دورية
اللغة:English
منشور في: Washington, D.C. : International Monetary Fund, 1996.
الوصول للمادة أونلاين:Full text available on IMF
LEADER 01485cas a2200229 a 4500
001 AALejournalIMF015683
008 230101c9999 xx r poo 0 0eng d
020 |z 9781557755797 
040 |a BD-DhAAL  |c BD-DhAAL 
100 1 |a Karlik, John. 
245 1 0 |a Financial Programming and Policy :   |b The Case of Sri Lanka /  |c John Karlik, Michael Bell, M. Martin, S. Rajcoomar. 
264 1 |a Washington, D.C. :  |b International Monetary Fund,  |c 1996. 
300 |a 1 online resource (291 pages) 
500 |a <strong>Off-Campus Access:</strong> No User ID or Password Required 
500 |a <strong>On-Campus Access:</strong> No User ID or Password Required 
506 |a Electronic access restricted to authorized BRAC University faculty, staff and students 
520 3 |a This book, by a staff team in the IMF Institute, contains a series of workshops that introduce the process of formulating a hypothetical macroeconomic and structural adjustment program, which is a central element in the financial programming courses offered by the IMF Institute. In addition to elaborating key concepts for the four major sectoral accounts, the workshops are designed to allow the development of a step by step reference scenario for Sri Lanka. 
538 |a Mode of access: Internet 
700 1 |a Bell, Michael. 
700 1 |a Martin, M. 
700 1 |a Rajcoomar, S. 
856 4 0 |z Full text available on IMF  |u http://elibrary.imf.org/view/books/071/02395-9781557755797-en/02395-9781557755797-en-book.xml  |z IMF e-Library